| 000 | 00817nam a22002057a 4500 | ||
|---|---|---|---|
| 999 |
_c2354 _d2354 |
||
| 003 | AR-CdUCM | ||
| 008 | 190304b ||||| |||| 00| 0 spa d | ||
| 040 |
_aMUNICIPALIDAD PROVINCIAL DEL CUSCO _cBIBLIOTECA MUNICIPAL DEL CUSCO |
||
| 082 |
_a301.35 / _bM77 |
||
| 100 |
_aMontoya, Rodrigo _98139 |
||
| 245 | _aLucha por la tierra, reformas agrarias y capitalismo en el Perú del siglo XX / | ||
| 260 |
_aLima : _bMosca Azul editores, _c1989. |
||
| 300 |
_a279 páginas ; _c20 cm. |
||
| 505 | _aCampesinos, relaciones de producción, gremios y reivindicaciones -- Identidades étnicas y luchas agrarias en los andes -- Campesinos, etnia y clase... | ||
| 650 |
_aReforma agraria. _91861 |
||
| 650 |
_aCampesinos. _94401 |
||
| 650 |
_aRelaciones de producción. _98477 |
||
| 942 |
_2ddc _cLIBROS |
||
| 945 |
_awfj _d2019-03-04 |
||